000 00282nam a22001337a 4500
008 170523b xxu||||| |||| 00| 0 eng d
020 _a2213
041 _aeng
080 _a94(100)
100 _a16
101 _aSHH
245 _aTHOSE GALLANT MEN
_cBERRY, J.S
942 _2udc
_cBK
999 _c13851
_d13851